Markets, games, & strategic behavior (Record no. 274816)

MARC details
000 -LEADER
fixed length control field 00791nam a2200241Ia 4500
008 - FIXED-LENGTH DATA ELEMENTS--GENERAL INFORMATION
fixed length control field 191130s2007##################000#0#eng##
020 ## - INTERNATIONAL STANDARD BOOK NUMBER
ISBN 9788131721087
082 ## - DEWEY DECIMAL CLASSIFICATION NUMBER
Classification number 330.0151927 HOL
100 ## - MAIN ENTRY--AUTHOR NAME
Personal name Holt, Charles A
245 ## - TITLE STATEMENT
Title Markets, games, & strategic behavior
Statement of responsibility, etc Charles A. Holt
260 ## - PUBLICATION, DISTRIBUTION, ETC. (IMPRINT)
Place of publication New Delhi
Name of publisher Pearson Education
Year of publication c2007
300 ## - PHYSICAL DESCRIPTION
Number of Pages xviii, 462, 79 p. : ill. ; 24 cm
500 ## - GENERAL NOTE
General note Includes bibliographical references (p. 433-450) and index
650 ## - SUBJECT ADDED ENTRY--TOPICAL TERM
Topical Term Economics - Psychological aspects
Topical Term Economics - Study and teaching (Graduate) - Simulation methods
Topical Term Game theory
Topical Term Markets
Topical Term Negotiation in business
991 ## -
-- 411151
Holdings
Withdrawn status Lost status Damaged status Not for loan Home library Current library Shelving location Date acquired Full call number Accession Number Price effective from Koha item type
        Anna Centenary Library Anna Centenary Library 4TH FLOOR, A WING 15.10.2020 330.0151927 HOL 115167 15.10.2020 English Books

Find us on the map